Etna ignites (Record no. 5511)

MARC details
000 -LEADER
fixed length control field 00549nam a22001817a 4500
005 - DATE AND TIME OF LATEST TRANSACTION
control field 20250513162655.0
008 - FIXED-LENGTH DATA ELEMENTS--GENERAL INFORMATION
fixed length control field 250513b |||||||| |||| 00| 0 eng d
040 ## - CATALOGING SOURCE
Transcribing agency DepED Dasmarinas City
245 ## - TITLE STATEMENT
Title Etna ignites
250 ## - EDITION
Edition statement February 2002 Vol. 201 No. 2
490 ## - SERIES STATEMENT
SERIES STATEMENT National Geographic
520 ## - SUMMARY, ETC.
Summary, etc. War on Disease, Search for a Cure, Cuba Reefs, Mount Etna Ignites, Salt Lake Valley, Central Asia Unveiled, Elkton, Maryland
650 ## - SUBJECT ADDED ENTRY--TOPICAL TERM
General subdivision WAR ON DISEASE
650 ## - SUBJECT ADDED ENTRY--TOPICAL TERM
General subdivision SEARCH FOR A CURE
650 ## - SUBJECT ADDED ENTRY--TOPICAL TERM
General subdivision CUBA REEFS
650 ## - SUBJECT ADDED ENTRY--TOPICAL TERM
General subdivision MOUNT ETNA
942 ## - ADDED ENTRY ELEMENTS (KOHA)
Source of classification or shelving scheme Dewey Decimal Classification
Koha item type Continuing Resources
999 ## -
-- 5511
-- 5511
Holdings
Homebranch current branch Barcode
DepED Dasmarinas City DepED Dasmarinas City DSMSR022002-067